| 000 | 00934nam a22001577a 4500 | ||
|---|---|---|---|
| 003 | OSt | ||
| 005 | 20151217154705.0 | ||
| 008 | 151217b xxu||||| |||| 00| 0 eng d | ||
| 040 | _cRUA | ||
| 082 | _aAED VA 2006 B221 Or.1 | ||
| 100 |
_95056 _aVA VICHETTRA; វ៉ា វិចិត្រា |
||
| 245 | _aUnderstanding the firewood production chain in a dip terocarpaceae degraded forest area case study in trapeang russei commune, kampong svay district, kompong thom province, ការស្វែងយល់អំពីចង្វាក់ផលិតកម្មអុស នៅក្នុងព្រៃរិចរិល ប្រភេទ Dipterocaeae ករណីសិក្សាក្នុងឃុំត្រពាំងឬស្សី ស្រុកកំពង់ស្វាយ ខេត្តកំពង់ធំ. | ||
| 260 |
_aPhnom Penh _bRUA _c2006 |
||
| 300 |
_axii; 59p. _bill. _c29cm. |
||
| 942 |
_2ddc _cAED |
||
| 999 |
_c4704 _d4704 |
||